Jane's : C4I Systems 2005 - 2006, 17/e (Record no. 247640)
[ view plain ]
| 000 -LEADER | |
|---|---|
| fixed length control field | 00285 a2200133 4500 |
| 001 - CONTROL NUMBER | |
| control field | 12567 |
| 082 ## - DEWEY DECIMAL CLASSIFICATION NUMBER | |
| Classification number | 629.133 EBB |
| 090 ## - LOCALLY ASSIGNED LC-TYPE CALL NUMBER (OCLC); LOCAL CALL NUMBER (RLIN) | |
| -- | 9579 |
| -- | 9579 |
| 100 ## - MAIN ENTRY--PERSONAL NAME | |
| Personal name | Ebbutt,G |
| 245 ## - TITLE STATEMENT | |
| Title | Jane's : C4I Systems 2005 - 2006, 17/e |
| 250 ## - EDITION STATEMENT | |
| Edition statement | 17 |
| 260 ## - PUBLICATION, DISTRIBUTION, ETC. | |
| Name of publisher, distributor, etc. | Jane's INFO |
| 740 ## - ADDED ENTRY--UNCONTROLLED RELATED/ANALYTICAL TITLE | |
| Uncontrolled related/analytical title | C 41 |
| 942 ## - ADDED ENTRY ELEMENTS (KOHA) | |
| Institution code [OBSOLETE] | NUST-CAE |
| Call number prefix | 629.133 EBB |
| Withdrawn status | Lost status | Damaged status | Not for loan | Collection code | Permanent Location | Current Location | Date acquired | Total Checkouts | Full call number | Barcode | Date last seen | Price effective from | Koha item type |
|---|---|---|---|---|---|---|---|---|---|---|---|---|---|
| College of Aeronautical Engineering (CAE) | College of Aeronautical Engineering (CAE) | 04/03/2017 | 629.133 EBB | CAEN-3736 | 04/05/2017 | 04/05/2017 | Book |
